Alcoholismo laboral

Gespeichert in:
Bibliographische Detailangaben
1. Verfasser: Naveillán Fernández, Pedro (autor)
Format: Buch
Sprache:Spanisch
Veröffentlicht: Santiago, Chile Jurídica de Chile 1992
Ausgabe:2a. ed
Schriftenreihe:Colección Cartillas Jurídicas
Schlagworte:
Tags: Tag hinzufügen
Keine Tags, Fügen Sie den ersten Tag hinzu!

MARC

LEADER 00000nam a2200000 a 4500
001 UCN4359
003 CL-VaPUC
005 20230623074148.0
008 010803e19920000CL |||||||||||||||||spa|d
999 |c 296608  |d 296606 
040 |c Pontificia Universidad Católica de Valparaíso 
082 0 4 |a 362.292 NAV 1992  |2 21 
100 |a Naveillán Fernández, Pedro  |e autor  |9 460673 
245 1 0 |a Alcoholismo laboral 
250 |a 2a. ed 
260 0 3 |a Santiago, Chile  |b Jurídica de Chile  |c 1992 
300 |a 90 páginas 
490 0 |a Colección Cartillas Jurídicas 
583 |a last modification  |c 20010803 00:00:00  |k Rodrigo Vera 
650 0 |a Alcoholismo  |9 259651 
650 0 |a Alcohol  |x Legislación  |9 460674 
650 0 |a Problemas sociales  |9 258537 
650 7 |a PREVENCION  |2 CL-VaPUC  |9 322995 
650 0 |a Drogas  |9 254877 
650 0 |a Abuso de drogas  |9 254876 
942 |c BK  |2 ddc 
945 |d 20010803 00:00:00  |a vberengu 
952 |0 0  |1 0  |2 ddc  |4 0  |6 362_292000000000000_NAV_1992  |7 0  |8 A  |9 350547  |a BIBDER  |b BIBDER  |d 2019-11-20  |i 3739449  |o 362.292 NAV 1992  |p 3739449  |r 2023-01-25  |t 1  |w 2019-11-20  |y MX  |k DER